La intervención psicosocial en política social y servicios sociales: aproximación conceptual y diseño universitario

Enregistré dans:
Détails bibliographiques
Auteur principal: Gorri Goñi, Antonio (Auteur)
Format: Livre
Langue:espagnol
Publié: Madrid Libertarias/Prodhufi 1995
Collection:Colección Universidad
Sujets:
Tags: Ajouter un tag
Pas de tags, Soyez le premier à ajouter un tag!

MARC

LEADER 00000nam a2200000 a 4500
001 UCO1088
003 CL-VaPUC
008 000505e19950000SP |||||||||||||||||spa|d
082 0 4 |a 361.3  |b GOR  |2 21 
100 |a Gorri Goñi, Antonio  |e author  |9 442897 
245 1 3 |a La intervención psicosocial en política social y servicios sociales: aproximación conceptual y diseño universitario 
300 |a 507 p 
942 |c BK 
945 |d 20000505 00:00:00  |a rbrito 
260 |a Madrid  |b Libertarias/Prodhufi  |c 1995 
650 0 |a Trabajo social   |9 307856 
650 0 |a Servicio social  |9 307999 
650 0 |a Psicología social   |9 222894 
650 0 |a Políticas sociales  |9 358116 
583 |a last modification  |c 20000505 00:00:00  |k Rodrigo Vera 
490 0 |a Colección Universidad 
999 |c 287721  |d 287719 
952 |0 0  |1 0  |4 0  |6 361_300000000000000_GOR_1995  |7 0  |8 A  |9 334687  |a BIBGIM  |b BIBGIM  |d 2019-11-20  |i 3611248  |o 361.3 GOR 1995  |p 3611248  |r 2025-01-15  |w 2019-11-20  |y BK  |k SSL